• 首页
  • 本馆介绍
  • 公告通知
  • 最新文献
  • 馆藏检索
  • 电子资源
  • 读者导购
  • 参考咨询
  • 我的图书馆
  • 登录
  • 详细信息显示
  • 放入我的书架
  • 预约/预借图书
  • 作者相关作品
  • 分类相关作品
  • 丛书相关作品
  • 出版社相关作品

书目信息

  • 表格格式
  • 工作单格式
  • 卡片格式
题名:
现代氯碱技术手册
    
 
作者: 刘国桢 主编
分册:  
出版信息: 北京   化学工业出版社  2019.09
页数: 592页
开本: 26cm
丛书名:
单 册:
中图分类: TQ114-62
科图分类:
主题词: 氯碱生产--lv jian sheng chan--生产工艺--技术手册
电子资源:
ISBN: 978-7-122-32232-6
000 01175nam0 2200253 450
001 0109110144
005 20201109110337.0
010    @a978-7-122-32232-6@b精装@dCNY198.00
100    @a20181129d2019 em y0chiy50 ea
101 0  @achi
102    @aCN@b110000
105    @aa z 000yy
106    @ar
200 1  @a现代氯碱技术手册@Axian dai lv jian ji shu shou ce@dModern chlor-alkali technical manual@f刘国桢主编@zeng
210    @a北京@c化学工业出版社@d2019.09
215    @a592页@c图@d26cm
304    @a中国氯碱工业协会组织编写
330    @a本书在概述食盐电解制烧碱、氯气和氢气的基本电化学理论、工艺和方法的基础上,重点介绍了当前离子膜电解工艺的相关技术和装置操作,涉及工艺过程中的盐水制备、氯氢处理、盐酸合成、纯水制备、整流变电、自控仪表和分析方法等内容,并对总图规划、环境保护和材料防腐做了有针对性的介绍。另外,本书基本覆盖了离子膜电解制烧碱工艺设计生产的相关内容,反映了当代氯碱工业的基本情况和最新进展。
510 1  @aModern chlor-alkali technical manual@zeng
606 0  @a氯碱生产@Alv jian sheng chan@x生产工艺@j技术手册
690    @aTQ114-62@v5
701  0 @a刘国桢@Aliu guo zhen@4主编
801  0 @aCN@bBJSZM@c20201103
905    @b1213757-8@dTQ114-62@e40@f2
    
    现代氯碱技术手册=Modern chlor-alkali technical manual/刘国桢主编.-北京:化学工业出版社,2019.09
    592页:图;26cm
    
    
    ISBN 978-7-122-32232-6(精装):CNY198.00
    本书在概述食盐电解制烧碱、氯气和氢气的基本电化学理论、工艺和方法的基础上,重点介绍了当前离子膜电解工艺的相关技术和装置操作,涉及工艺过程中的盐水制备、氯氢处理、盐酸合成、纯水制备、整流变电、自控仪表和分析方法等内容,并对总图规划、环境保护和材料防腐做了有针对性的介绍。另外,本书基本覆盖了离子膜电解制烧碱工艺设计生产的相关内容,反映了当代氯碱工业的基本情况和最新进展。
●
相关链接 在E读中查询图书 在五车中查询图书 在当当中查询图书 在豆瓣中查询图书


正题名:现代氯碱技术手册     索取号:TQ114-62/40         预约/预借

序号 登录号 条形码 馆藏地/架位号 状态 备注
1 1213757   212137579   第二样本阅览室/ [索取号:TQ114-62/40] 在馆    
2 1213758   212137588   第三借阅区/ [索取号:TQ114-62/40] 在馆    
唐山师范学院图书馆 欢迎您!
大连网信软件有限公司© 版权所有